Paroles - Gentleman Cambrioleur - Jacques Dutronc - Statistiques

Statistiques générales
  • Ce quiz a été pris 41 fois
  • Le résultat moyen est 115 sur 147
Statistiques - réponses
Réponse % Correct
C'est
100%
c'est
100%
de
100%
De
100%
des
100%
gentleman
100%
Gentleman
100%
Il
100%
il
100%
le
100%
Le
100%
mais
100%
un
100%
grand
97%
plus
97%
voleurs
97%
cambrioleur
94%
à
91%
A
91%
Est
91%
est
91%
Oui
91%
Sans
91%
sans
91%
une
88%
la
84%
vous
84%
lui
81%
seigneur
81%
vos
81%
fait
78%
femme
78%
fleurs
78%
valeurs
78%
Et
75%
Quand
75%
s'empare
75%
porter
72%
détrousse
69%
vrai
69%
menacer
66%
nuit
66%
sur
66%
arme
63%
d'une
63%
coeur
59%
son
59%
bruit
56%
chaque
56%
chez
50%
mot
50%
piano
50%
veille
50%
vient
50%
laisse
47%
rêve
47%
ses
47%
tableau
47%
heure
44%
voir
44%
votre
44%
acheté
41%
sommeil
41%
décroche
38%
visage
38%
déranger
34%
Après
28%
avant
28%
coupables
28%
l'actrice
28%
travaux
28%
danseuse
25%
meilleure
25%
partir
25%
gagné
22%
l'épouse
22%
Puis
16%
Aucun quiz correspondant
Distribution des résultats
% des personnes avec chaque résultat
Percentile par nombre de réponses
Votre historique - résultats
Vous n’avez pas pris ce quiz